000 00835nam a2200301Ia 4500
001 Z_2962
003 CHAP
008 220113s1992 xx 000 0 und d
010 _a166045
040 _cCHAP
082 _a636.5 A6
100 _aAppleby, Michael C.
_96349
245 _aPoultry production systems : behaviour, management and welfare /
_cby Michael C. Appleby, Barry O. Hughes and H. Arnold Elson
260 _aOxon :
_bC.A.B. International,
_c1992
300 _a238 p.
440 _a
500 _a
503 _a168166
650 _aAves de corral
_98636
650 _aAves de corral
_xHábitos de conducta
_9140095
650 _aAvicultura I. Hughes, Barry O. II. Elson, H. Arnold III. t.
_9140096
901 _a636.5 A6
902 _aA
910 _a1992
942 _c1
942 _cc1
999 _c166045
_d166045